| 000 | 00915cam a2200253 a 4500 | ||
|---|---|---|---|
| 001 | 15588977 | ||
| 003 | OSt | ||
| 005 | 20220217112614.0 | ||
| 008 | 090115s2009 tnua 000 0 eng | ||
| 010 | _a 2009001244 | ||
| 020 | _a9781935205043 | ||
| 040 |
_aPUL _cPUL _dPUL |
||
| 050 | 0 | 0 |
_aRA 643 _b.8.M47 2009 |
| 082 | 0 | 0 |
_a614.5/99392 _222 |
| 100 | 1 |
_aMesser, Donald E., _d1941- |
|
| 245 | 1 | 0 |
_a52 ways to create an AIDS-free world / _cDonald E. Messer. |
| 246 | 3 | _aFifty-two ways to create an AIDS-free world | |
| 260 |
_aNashville, Tenn. : _bFresh Air Books, _c2009. |
||
| 300 |
_a136 p. : _bill. ; _c19 cm. |
||
| 650 | 0 |
_aAIDS (Disease) _xPrevention. |
|
| 906 |
_a7 _bcbc _corignew _d1 _eecip _f20 _gy-gencatlg |
||
| 942 |
_2lcc _cBK _hRA 643 _i.8.M47 2009 |
||
| 999 |
_c33012 _d33012 |
||